| 000 | 004390000a22001690004500 | ||
|---|---|---|---|
| 003 | LK-CoMWRAF | ||
| 008 | 230817t ||||| |||| 00| 0 eng d | ||
| 020 | _a9558398012 | ||
| 040 |
_aLK-CoMWRAF _dLK-CoMWRAF _eLK-CoMWRAF |
||
| 041 | _aeng | ||
| 082 |
_a152.7 _bSUL |
||
| 100 | _aSulayman, Abdul Hamid A. | ||
| 245 |
_aSarvadesa Uraugal Pattriya Islamiya Koatpada _b |
||
| 260 |
_bFuzin _aSri Lanka _c2001 |
||
| 300 | _ap.261 | ||
| 942 | _cBK | ||
| 999 |
_c1016 _d1016 |
||